000
00328nam a22001457a 4500
008
221121b ||||| |||| 00| 0 eng d
020
_a
9780815344667
041
_a
eng
080
_2
FOURTH EDITION
_a
159.9
082
_a
159.9PAR
100
_a
25
101
_a
PSI
245
_a
THE IMMUNE SYSTEM
_c
PARHAM P
942
_2
udc
_c
BK
999
_c
58984
_d
58984